000 00910nas a2200301 4500
001 BR2015007064
003 BR-BrBNA
005 20231205125950.0
007 ta
008 230509b bl.|||p| |||| 00| 00por d
040 _aBR-BrBNA
_bpor
_cBiblioteca Nacional de Agricultura
041 _a(En)
072 _aF61; K10
100 1 _aCarlos, L.
100 1 _aVenturin, N.
100 1 _aFarias, E. de S.
100 1 _aVenturin, R.P.
100 1 _aMacedo, R.L.G.
245 1 _aGrowth and mineral nutrition in seedlings of Jacarandá-da-Bahia subjected to nutrient deprivation
650 _aJACARANDÁ
650 _aÁRVORE ANGIOSPERMA
650 _aMUDA
650 _aNUTRIENTE MINERAL
650 _aEXIGÊNCIA NUTRICIONAL
773 0 _tFloresta (Brazil)
_xISSN 0015-3826
_g(Jan-Mar 2015), v. 45(1) p. 107-116
_wBR2015007064
909 _a202311
_bLúcia
_c55
_dLúcia Elande
942 _2AGRIS
_n0
_cANA
999 _c247163
_d247163